000 00850cam a2200253 i 4500
001 24700
003 BD-RjUL
005 20211209001104.0
008 140315s1978 ru a j 000 1 eng
035 _a(BD-RjUL)24769
040 _aDLC
_cDLC
_dDLC
_dBD-RjUL
_beng
041 1 _aengrus
082 _a920
_bVOM 1978
100 1 _aVoskoboĭnikov, Valeriĭ Mikhaĭlovich.
_976028
245 1 0 _aMasha Nikiforova's days /
_cValery Voskoboĭnikov ; [translated from the Russian by Fainna Glagoleva].
260 _aMoscow :
_bProgress Publishers,
_cc1978.
300 _a84 p. :
_bill. ;
_c20 cm.
500 _aTranslation of Tetradʹ v krasnoĭ oblozhke.
650 0 _aChildren's literature,
_v TRANSLATIONS INTO ENGLISH
_zRussian
_976029
942 _2ddc
_cBK
999 _c24700
_d24700